000 00422nam a2200169Ia 4500
008 230711s9999||||xx |||||||||||||| ||und||
020 _a978-1-118-74508-3
041 _aENG
082 _a720.1
_bCH-A
100 _aChing,Francis D.K
245 0 _aArchitecture Form,Space, and Order
250 _a4th Ed.
260 _c2015
_aNew Jersy
_bJohn Wiley & Sons.Inc
300 _a447p.
650 _aArchitecture
942 _cBK
999 _c6477
_d6477